World War 2 Quiz - Statistics

General Stats
  • This quiz has been taken 7,302 times
  • The average score is 9 of 21
Answer Stats
Hint Answer % Correct
Führer of Germany at the onset of the war Adolf Hitler
98%
Leader of the Soviet Union throughout the War Joseph Stalin
95%
June the 6th is also known as... D-Day
81%
With casualties approaching two million, the bloodiest battle of the war was the Battle of... Stalingrad
72%
German General known as the 'Desert Fox' Erwin Rommel
68%
British Prime Minister known for his policy of appeasement towards Nazi Germany Neville Chamberlain
65%
Name of German Invasion of the Soviet Union Operation Barbarossa
60%
Supreme Allied Commander and later US President Dwight D. Eisenhower
50%
The ... Trials sentenced the leaders of the Third Reich for Crimes against Humanity Nuremberg
48%
The Siege of ... became the longest siege of the war, and one of the longest in modern military history Leningrad
44%
The ... Massacre (also known as Rape of ...) is considered among the worst atrocities of the war Nanking
36%
The ... Conference decided the fate of Germany and Europe post-war Yalta
30%
The ... Corridor became Germany's pretext for the Invasion of Poland that led to World War 2 Danzig
28%
Commander of the Red Army Georgy Zhukov
26%
The Battle of ... became the greatest tank battle in history Kursk
26%
Last Führer of Germany, Admiral... Karl Dönitz
25%
Term for American economic aid to fellow Allies during WW2 Lend-Lease
19%
Flagship of the Japanese Combined Fleet Yamato
17%
Name of WW2 in Eastern Europe Great Patriotic War
16%
Name for resistance fighters in the eastern front Partisans
16%
Name the Axis used for themselves Anti-Comintern Pact
1%
No matching quizzes found
Score Distribution
Percent of People with Each Score
Percentile by Number Answered
Your Score History
You have not taken this quiz